| 000 | 00437nam a2200157Ia 4500 | ||
|---|---|---|---|
| 008 | 230917s9999||||xx |||||||||||||| ||und|| | ||
| 020 | _cRS1295 | ||
| 040 |
_e220053 _aMAIN |
||
| 041 | _aEnglish | ||
| 082 | _a512.24 K889C | ||
| 100 | _aKreuzer, Martin | ||
| 245 | 0 | _aComputational commutative algebra. 2V | |
| 260 |
_aNew Delhi _bSpringer India _c2010 |
||
| 500 | _a1652 05/11/2014 RBP42373 19/11/2014 Mathematics (NBHM) | ||
| 942 | _cBK | ||
| 999 |
_c12275 _d12275 |
||